| 000 | 01270nam0a22002531 4500 | ||
|---|---|---|---|
| 001 | rc\1045797 | ||
| 005 | 20041129103522.0 | ||
| 035 | _a(NLR Aleph) 006207993 | ||
| 090 |
_a6337987 _c6337987 |
||
| 100 | _a20041129d1981 u |0rusy50 ca | ||
| 101 | 0 | _arus | |
| 102 | _aRU | ||
| 105 | _ay ||||||||| | ||
| 200 | 1 |
_aНаука - производству _eКрат. тез. докл. к предстоящей науч. конф., посвящ. 125 годовщине со дня рождения И.В. Мичурина (13-15 нояб.) _f[Редкол.: О.С. Жуков (отв. ред.) и др.] |
|
| 210 |
_aМ. _cБ. и. _d1981 |
||
| 215 |
_a118 с. _d26 |
||
| 300 | _aВ надзаг.: Плодоовощной ин-т им. И.В. Мичурина, Тамб. обл. правл. НТО сел. хоз-ва, Первич. организации НТО с.-х. Центр. генет. лаб. им. И.В. Мичурина и ВНИИ садоводства им. И.В. Мичурина | ||
| 702 | 1 |
_aЖуков _bО. С. _4340 |
|
| 712 | 0 | 2 |
_aПлодоовощной ин-т им. И.В.Мичурина _cМичуринск _3RU\NLR\AUTH\889917979 |
| 801 | 0 |
_aRU _bNLR _gpsbo |
|
| 801 | 1 |
_aRU _bELAR _2rusmarc |
|
| 852 |
_aNLR _j81-7/1476 |
||
| 942 | _cBOOK | ||
| 980 | _aNB | ||